| 000 | 00653nam a2200217Ia 4500 | ||
|---|---|---|---|
| 003 | GCL | ||
| 005 | 20240530101933.0 | ||
| 008 | 140319s9999 xx 000 0 ara d | ||
| 040 |
_aGCL / _cGCL |
||
| 082 | 0 | 4 |
_a364 _bر و |
| 100 | 1 | _aرمسيس بهنام | |
| 245 | 1 | 0 |
_aالوجيز فى علم الاجرام / _cرمسيس بهنام |
| 260 |
_a[S.N] : _bمنشاة المعارف ، _c1988 |
||
| 300 | _a287 ص | ||
| 490 |
_aالكتب القانونية _v0 |
||
| 650 | 0 | 4 | _aالقانون |
| 650 | 0 | 4 | _aالجريمة والمجرمون |
| 650 | 0 | 4 | _aالاجتماع الجنائى |
| 650 | 0 | 4 | _aعلم الاجرام |
| 942 |
_2ddc _cBK |
||
| 999 |
_c28848 _d28848 |
||